000 00341 a2200169 4500
001 190358
020 _a978-85-8184-045-1
040 _cMagnum
100 _aPort, Moni
240 1 0 _aO gritalhão
_lpor
245 1 0 _aO gritalhão
300 _a24
362 0 _a2013
440 1 _aGaudí
697 _aLITERATURA INFANTIL
942 _cBK
999 _c190358
_d190358